Map of a nation (Record no. 112178)

MARC details
000 -LEADER
fixed length control field 00723cam a22002295a 4500
001 - CONTROL NUMBER
control field L152712
008 - FIXED-LENGTH DATA ELEMENTS--GENERAL INFORMATION
fixed length control field 110418s2010 xxka f 000 0 eng d
020 ## - INTERNATIONAL STANDARD BOOK NUMBER
International Standard Book Number 9781847080981
035 ## - SYSTEM CONTROL NUMBER
System control number (Sirsi) u152712
041 0# - LANGUAGE CODE
Language code of text/sound track or separate title eng
050 04 - LIBRARY OF CONGRESS CALL NUMBER
Classification number 526.98 $2 18
100 1# - MAIN ENTRY--PERSONAL NAME
Personal name Hewitt, Rachel
245 00 - TITLE STATEMENT
Title Map of a nation
Remainder of title a biography of the ordanance survey
260 ## - PUBLICATION, DISTRIBUTION, ETC.
Place of publication, distribution, etc. London
Name of publisher, distributor, etc. Granta
Date of publication, distribution, etc. 2010
300 ## - PHYSICAL DESCRIPTION
Extent xxvii, 436p.
Other physical details ill.
Dimensions 24cm.
520 ## - SUMMARY, ETC.
Summary, etc. Sets out the development of the Ordnance Survey, and the individuals involved in its creation.
521 ## - TARGET AUDIENCE NOTE
Target audience note Advanced
590 ## - LOCAL NOTE (RLIN)
Local note KA
651 #4 - SUBJECT ADDED ENTRY--GEOGRAPHIC NAME
Geographic name United Kingdom
Chronological subdivision
690 ## - LOCAL SUBJECT ADDED ENTRY--TOPICAL TERM (OCLC, RLIN)
Topical term or geographic name as entry element ENVIRONMENTAL AND LAND CONSULTANCY-GEOMATICS-MAPPING AND POSITIONING-CARTOGRAPHY
942 ## - ADDED ENTRY ELEMENTS (KOHA)
Suppress in OPAC 0
Holdings
Withdrawn status Lost status Source of classification or shelving scheme Damaged status Not for loan Home library Current library Shelving location Date acquired Cost, normal purchase price Total Checkouts Full call number Barcode Date last seen Copy number Cost, replacement price Price effective from Koha item type
    Dewey Decimal Classification     London London Books 18/04/2011 8.79   526.98 HEW 30077162 06/08/2019 1 8.79 06/08/2019 Book